000 00404nmm a2200145Ia 4500
008 251105s9999||||xx |||||||||||||||||und||
041 _aspa
100 _aQuevedo, Francisco de
245 0 _aEl buscón
264 _a[Madrid, España] :
_bCastalia Ediciones,
_c2005
300 _a256 páginas
650 _aSpanish narrative
856 _uhttps://public.digitaliapublishing.com/a/31057
942 _cCF
999 _c104219
_d104219